Η ακολουθία του Ακαθίστου Ύμνου The service of the Akathistos Hymn.
Αποθηκεύτηκε σε:
| Συγγραφή απο Οργανισμό/Αρχή: | |
|---|---|
| Μορφή: | Ηχητικό |
| Γλώσσα: | Greek |
| Δημοσίευση: |
Αθήνα :
Σύλλογος προς Διάδοσιν της Εθνικής Μουσικής,
1974.
|
| Σειρά: | (Σύλλογος προς διάδοσιν της Εθνικής Μουσικής ;
7) |
| Θέματα: | |
| Ετικέτες: |
Προσθήκη ετικέτας
Δεν υπάρχουν, Καταχωρήστε ετικέτα πρώτοι!
|
MARC
| LEADER | 00000cjm a2200000 a 4500 | ||
|---|---|---|---|
| 001 | 1/108675 | ||
| 008 | 150914s1974####gr ccn d ||||| gre|| | ||
| 028 | 0 | 2 | |a S.D.N.M. 107 b |b Σύλλογος προς Διάδοσιν της Εθνικής Μουσικής |
| 040 | |a GR-MyUa |b gre |c GR-MyUa |e AACR2 | ||
| 041 | 0 | |d gre |e gre | |
| 082 | 7 | |a 782.292 |2 (23) | |
| 245 | 0 | 2 | |a Η ακολουθία του Ακαθίστου Ύμνου |h [ηχογράφηση] = |b The service of the Akathistos Hymn. |
| 246 | 1 | |i Παράλληλος τίτλος: |a The service of the Akathistos Hymn |h [ηχογράφηση] | |
| 260 | |a Αθήνα : |b Σύλλογος προς Διάδοσιν της Εθνικής Μουσικής, |c 1974. | ||
| 300 | |a 1 δίσκος βινυλίου : |b αναλογ., 33 1/3 σαλ, στέρεο, |c 12 ίν. + |e 1 θήκη και 1 βιβλιαράκι. | ||
| 490 | 0 | |a (Σύλλογος προς διάδοσιν της Εθνικής Μουσικής ; |v 7) | |
| 500 | |a Στη θήκη αναγράφονται οι ύμνοι, πληροφορίες στα ελληνικά και αγγλικά και περιέχει φυλλάδιο ([5] σ.) με τα κείμενα των ύμνων. Υπάρχει ψηφιακό αντίγραφο. | ||
| 500 | |a Σύλλογος προς Διάδοσιν της Εθνικής Μουσικής = Society for the Dissemination of National Music. Volume 7. | ||
| 505 | 8 | |a Πλευρά A. 1. ‘Θεός Κύριος’ και το ‘Το προσταχθέν μυστικώς’, αργόν. ‘Το προσταχθέν μυστικώς’, σύντομον -- 2. Οι δύο πρώτοι οίκοι του Ακαθίστου: ‘Άγγελος πρωτοστάτης’ και ‘Βλέπουσα η αγία’ μετά των εφυμνίων αυτών ‘Χαίρε νύμφη ανύμφευτε’ και ‘Αλληλούια’ -- 3. Επιλογή εκ του κανόνος ‘Aνοίξω το στόμα μου’ -- 4. Το κάθισμα ‘Την ωραιότητα της παρθενίας σου’ -- Πλευρά Β. 1. Το κοντάκιον ‘Τη υπερμάχω στρατηγώ’ -- 2. Οι δύο τελευταίοι οίκοι του Ακαθίστου ‘Ψάλλοντές σου τον τόκον και, Ω, πανύμνητε μήτερ, μετά των ‘Χαίρε νύμφη’ και ‘Αλληλούια -- 3. ‘Τη υπερμάχω στρατηγώ’, σύντομον = Side A. 1. The Lord God and The angel, understanding the secret command, hastened to Joseph's tent -- 2. The first two oikoi or stanzas of the Akathistos hymn ‘A captain of the angels’ and ‘The Holy Virgin’, aware of her own purity with the rephrains ‘Hail, unwedded bride’ and ‘Alleluia’ -- 3. A selection from the kanon of the Akathistos hymn ‘Filled with Spirit, I shall address the Queen of Mothers’ -- 4. The beauty of Your purity -- Side B. 1. The kontakion ‘To You, its Defender, Your city freed from danger, dedicates thanksgiving for victory’ -- 2.The last two oikoi or stanzas of the Akathistos hymn ‘In praising Your Son, we praise You, Theotokos’ and, ‘Oh, most praised Mother’ with the refrains ‘Hail, unwedded bride’ and ‘Alleluia’ -- 3. ‘To You, its Defender, Your city, freed from danger, dedicates thanksgiving for victory’, fast rendition. | |
| 508 | |a Καλλιτεχνική και γενική διεύθυνσις: Σίμων Καράς. | ||
| 511 | 0 | |a Ψάλλουν: Σίμων Καράς και εκκλησιαστική χορωδία του Συλλόγου. | |
| 650 | 0 | |a Sound recordings. | |
| 650 | 0 | |a Audio-visual materials. | |
| 650 | 0 | |a Church music |x Orthodox Eastern Church. | |
| 650 | 0 | |a Byzantine chants. | |
| 700 | 1 | |a Καράς, Σίμων Ι., |d 1909-1999, |e adi | |
| 710 | 1 | |a Σύλλογος προς Διάδοσιν της Εθνικής Μουσικής. |e pro | |
| 852 | |a INST |b RHODES |c AV |e 20150915 |h 782.252 ΑΚΟ |p 005400013173 |q 005400013173 |t LP |y 23 | ||
| 970 | |a Τζαφέρη |b Ευαγγελία |z 15-09-2015 | ||